000 01381cam a2200349Ia 4500
001 50996
005 20230411090005.0
008 070924s2007 nyuab b i000 0 eng d
035 _a(OCoLC)ocn173263454
040 _aEQO
_cEQO
_dNTE
020 _a9789211169690
020 _a9211169690
035 _a(OCoLC)173263454
090 _aTD171.5.S472
_bE92 2007
049 _aGRAL
245 0 0 _aEnvironmental performance reviews :
_bRepublic of Serbia : second review /
_cEconomic Commission for Europe, Committee on Environmental Policy.
246 1 4 _a2nd environmental performance review :
_bRepublic of Serbia
246 3 _aSecond environmental performance review :
_bRepublic of Serbia
260 _aNew York :
_bUnited Nations,
_c2007.
300 _axx, 169 p. :
_bill., maps (some col.) ;
_c30 cm.
440 0 _aEnvironmental performance reviews series,
_x1020-4563 ;
_vno. 26
500 _a"United Nations publication sales no.E.07.II.E.16"--T.p.verso.
500 _a"ECE/CEP/143"--T.p verso.
504 _aIncludes bibliographical references (p. 161-169).
650 0 _aEnvironmental policy
_zSerbia.
650 0 _aEnvironmental protection
_zSerbia.
650 0 _aEnvironmental law
_zSerbia.
710 2 _aUnited Nations.
_bEconomic Commission for Europe.
_bCommittee on Environmental Policy.
942 _2lcc
_cbk
994 _aC0
_bDRFGD
946 _acsexposito
999 _c110525
_d110525